000 00601nam a2200181 a 4500
001 000040015
005 20201002033851.0
008 130802s2005 mx 000 0 spa d
020 _a9703228755
040 _aDO-SdBNP
_bspa
_cBNPHU
100 1 _aPalma, Clemente
_966244
245 1 0 _aMors ex vita /
_cClemente Palma; introducción José Ricardo Chaves.
260 _aMéxico :
_bUniversidad Nacional Autónoma de México,
_c2005.
300 _a58 p. ;
_c18 cm.
490 1 _aRelato Licenciado Vidriera
_v33
700 1 _aRicardo Chaves, José
_966245
830 0 _aRelato Licenciado Vidriera
_v33
_966234
999 _c39505
_d39505